The Indian Contract Act, 1872 (Record no. 1312392)
[ view plain ]
| 000 -LEADER | |
|---|---|
| fixed length control field | 00501nam a2200193Ia 4500 |
| 005 - DATE AND TIME OF LATEST TRANSACTION | |
| control field | 20250612144429.0 |
| 008 - FIXED-LENGTH DATA ELEMENTS--GENERAL INFORMATION | |
| fixed length control field | 008 250505s9999 xx 000 0 eng d |
| 020 ## - INTERNATIONAL STANDARD BOOK NUMBER | |
| International Standard Book Number | 9789391211370 |
| 040 ## - CATALOGING SOURCE | |
| Language of cataloging | eng |
| Transcribing agency | ILCL |
| 041 ## - LANGUAGE CODE | |
| Language code of text/sound track or separate title | eng |
| Source of code | eng |
| 084 ## - COLON CLASSIFICATION NUMBER | |
| Classification number | Z2,3 R2 |
| 100 ## - MAIN ENTRY--PERSONAL NAME | |
| Personal name | Pollock, Sir Frederick |
| 245 #4 - TITLE STATEMENT | |
| Title | The Indian Contract Act, 1872 |
| 250 ## - EDITION STATEMENT | |
| Edition statement | 16 |
| 260 ## - PUBLICATION, DISTRIBUTION, ETC. | |
| Place of publication, distribution, etc. | Haryana |
| Name of publisher, distributor, etc. | Lexis Nexis |
| Date of publication, distribution, etc. | 2022 |
| 300 ## - PHYSICAL DESCRIPTION | |
| Extent | cclxxix,1573p. |
| 700 ## - ADDED ENTRY--PERSONAL NAME | |
| Personal name | Mulla |
| 942 ## - ADDED ENTRY ELEMENTS (KOHA) | |
| Koha item type | Textbook |
| Source of classification or shelving scheme | |
| 100 ## - MAIN ENTRY--PERSONAL NAME | |
| -- | 501353 |
| 999 ## - | |
| -- | 1312392 |
| -- | 1312392 |
| Withdrawn status | Lost status | Damaged status | Not for loan | Home library | Current library | Date acquired | Source of acquisition | Cost, normal purchase price | Inventory number | Total checkouts | Full call number | Barcode | Date last seen | Price effective from | Koha item type | Date last checked out |
|---|---|---|---|---|---|---|---|---|---|---|---|---|---|---|---|---|
| Integrated Law Course library | Integrated Law Course library | 9-05-24 | Singhal Publications | 3795.00 | 2701 dt.05-09-2024 | Z2,3 R2 | IL1863552 | 2025-05-06 | 2025-05-06 | Textbook | ||||||
| Integrated Law Course library | Integrated Law Course library | 9-05-24 | Singhal Publications | 3795.00 | 2701 dt.05-09-2024 | Z2,3 R2 | IL1863553 | 2025-05-06 | 2025-05-06 | Textbook | ||||||
| Integrated Law Course library | Integrated Law Course library | 9-05-24 | Singhal Publications | 3795.00 | 2701 dt.05-09-2024 | 1 | Z2,3 R2 | IL1863554 | 2025-12-05 | 2025-05-06 | Textbook | 2025-11-26 | ||||
| Integrated Law Course library | Integrated Law Course library | 9-05-24 | Singhal Publications | 3795.00 | 2701 dt.05-09-2024 | Z2,3 R2 | IL1863555 | 2025-05-06 | 2025-05-06 | Textbook | ||||||
| Integrated Law Course library | Integrated Law Course library | 9-05-24 | Singhal Publications | 3795.00 | 2701 dt.05-09-2024 | Z2,3 R2 | IL1863556 | 2025-05-06 | 2025-05-06 | Textbook |
